00770nam a22002177a 450000500170000001000150001702000260003203500140005803700090007208200110008110000300009224500680012225000060019026000550019627000790025130000200033076000060035094200250035699900190038195201520040020260120121618.0 aENG-147552 a9789357317146c499.00 aEN-131084 bDBAD a92121 aAribam, Angellica 986627 aWe, the Women of India/cAngellica Aribam [and] Akash Satyawali a1 aGurugrambHachette Book Publishing Pvt. Ltd.c2025 a4th&5th Floors, Corporate Centre Plot No. 94, Sector 44,bGurugrame122003 a239p.c20cm(pb) b1 2ddccENh921mARIe1 c214303d214303 001040708NFICaJPbJPd2026-01-20eDelivery of Books Act Divisiong499.00l0o921 ARIpEN-131084r2026-01-20 00:00:00t1v499.00w2026-01-20yEN